000 00640aas a2200193 4500
999 _c63301
_d63301
001 768714001
003 CO-MdFUSB
005 20171023113911.0
008 171023s2010 ck ||||| |||| 00| 0 spa d
022 _a2145-8197
040 _aCO-MdFUSB
_bspa
_cCO-MdFUSB
_dCO-MdFUSB
041 _aspa
245 1 0 _aEuropa está en guerra
_c/ El Tiempo
300 _aNúmero 1 (2010), páginas 22
_c: 28 cm.
520 1 _auna complicada red de alianzas y conveniencias hizo que un hecho menor desencadenara el mayor conflicto bélico
650 1 4 _aHISTORIA
773 0 _tdk100
_049432
_959938
_gNúmero 1 (2010), páginas 22
_qPágina 22
942 _cANA